Can you guess these nfl players colleges - Statistics

General Stats
  • This quiz has been taken 713 times
    711 since last reset
  • The average score is 25 of 30
Answer Stats
Question Answer % Correct
What college did Joe Burrow go to? LSU
99%
What college did Lamar Jackson go to Louisville
97%
What college did josh allen go to? Wyoming
97%
What college did Saquon Barkley go to? Penn State
96%
What college did Derrick Henry go to? Alabama
95%
What college did aaron rodgers go to? CAL
95%
What college did tom brady go to? Michigan
95%
WHat college did kyler murray go to? Oklahoma
93%
What college did Christian Mccaffrey go to? Stanford
93%
What college did patrick mahomes go to? Texas Tech
93%
What college did Odell Beckham go to? LSU
92%
What college did Devonta Smith go to? Alabama
91%
What college did AJ Brown go to? Ole Miss
89%
What college did Davante Adams go to? Fresno State
86%
What college did Jonathan Taylor go to? Wisconsin
84%
What college did Nick Chubb go to? Georgia
83%
What college did geno smith go to West virginia
81%
What college did Julio Jone go to? Alabama
79%
What college did matthew stafford go to Georgia
79%
What college did Jalen Ramsey go to? Florida State
78%
what college did terry mcclaurin go to Ohio State
78%
What college did Juju Smith go to USC
76%
What college did copper kupp go to Eastern Washington
75%
What college did Ben Roethlisberger go to? Miami of ohio
75%
What college did Aj Terrell go to? Clemson
71%
What college did Kadarius toney go to? Florida
71%
What college did Antonio brown go to? Central Michigan
67%
What college did Jamal Adams go to? LSU
61%
What college did Jaire Alexander go to? Louisville
53%
WHat college did Bobby Wagner Utah State
51%
No matching quizzes found
Score Distribution
Percent of People with Each Score
Percentile by Number Answered
Your Score History
You have not taken this quiz since the last reset